Разработка системы оптимального распределения ресурсами; Молодежь и современные информационные технологии; Т. 2

Dades bibliogràfiques
Parent link:Молодежь и современные информационные технологии: сборник трудов XIII Международной научно-практической конференции студентов, аспирантов и молодых ученых, г. Томск, 9-13 ноября 2015 г./ Национальный исследовательский Томский политехнический университет (ТПУ), Институт кибернетики (ИК) ; под ред. Т. Е. Мамоновой [и др.].— , 2016
Т. 2.— 2016.— [С. 149-150]
Autor corporatiu: Национальный исследовательский Томский политехнический университет (ТПУ) Институт кибернетики (ИК) Кафедра интегрированных компьютерных систем управления (ИКСУ)
Altres autors: Зарницын А. Ю. Александр Юрьевич, Звонцова К. К., Чередниченко К. А., Дуткевич И. П.
Sumari:Заглавие с титульного экрана
Idioma:rus
Publicat: 2016
Col·lecció:Информационные технологии в производстве и управлении
Matèries:
Accés en línia:http://earchive.tpu.ru/handle/11683/17015
Format: Electrònic Capítol de llibre
KOHA link:https://koha.lib.tpu.ru/cgi-bin/koha/opac-detail.pl?biblionumber=617697

MARC

LEADER 00000naa2a2200000 4500
001 617697
005 20231101132955.0
035 |a (RuTPU)RU\TPU\conf\16010 
035 |a RU\TPU\conf\16009 
090 |a 617697 
100 |a 20160321d2016 k y0rusy50 ca 
101 0 |a rus  |g rus 
102 |a RU 
105 |a y z 101zy 
135 |a drcn ---uucaa 
181 0 |a i  
182 0 |a b 
200 1 |a Разработка системы оптимального распределения ресурсами  |f А. Ю. Зарницын [и др.] 
203 |a Текст  |c электронный 
225 1 |a Информационные технологии в производстве и управлении 
230 |a 1 компьютерный файл (pdf; 464 Кb) 
300 |a Заглавие с титульного экрана 
320 |a [Библиогр.: с. 150 (1 назв.)] 
337 |a Adobe Reader 
461 1 |0 (RuTPU)RU\TPU\conf\15701  |t Молодежь и современные информационные технологии  |o сборник трудов XIII Международной научно-практической конференции студентов, аспирантов и молодых ученых, г. Томск, 9-13 ноября 2015 г.  |o в 2 т.  |f Национальный исследовательский Томский политехнический университет (ТПУ), Институт кибернетики (ИК) ; под ред. Т. Е. Мамоновой [и др.]  |d 2016 
463 0 |0 (RuTPU)RU\TPU\conf\15706  |t Т. 2  |v [С. 149-150]  |d 2016 
610 1 |a труды учёных ТПУ 
610 1 |a электронный ресурс 
610 1 |a алгоритмы 
610 1 |a производственное оборудование 
610 1 |a производственные линии 
610 1 |a ресурсы 
610 1 |a распределения 
701 1 |a Зарницын  |b А. Ю.  |c специалист в области информатики и вычислительной техники  |c лаборант кафедры Томского политехнического университета  |g Александр Юрьевич  |2 stltpush  |3 (RuTPU)RU\TPU\pers\36387 
701 1 |a Звонцова  |b К. К. 
701 1 |a Чередниченко  |b К. А. 
701 1 |a Дуткевич  |b И. П. 
712 0 2 |a Национальный исследовательский Томский политехнический университет (ТПУ)  |b Институт кибернетики (ИК)  |b Кафедра интегрированных компьютерных систем управления (ИКСУ)  |h 131  |2 stltpush  |3 (RuTPU)RU\TPU\col\18701 
801 2 |a RU  |b 63413507  |c 20160405  |g RCR 
856 4 |u http://earchive.tpu.ru/handle/11683/17015 
942 |c BK